000 00955nam a22002417a 4500
008 240605b mp ||||| |||| 00| 0 mon d
020 _a978-99973-1-932-6
035 _a29834
040 _aHE0623081
_bmon
_cMN-UlNLM
_dMN-UlNLM
_erda
041 _amon
042 _a70742
084 _2NNA
_a84(О)-44
_bН.57
100 _aНишино А.
245 0 _aЯндан Хотын Пупэль
264 _aУБ.
_bМонсудар хэвлэлийн газар
_c2016
300 _a98х.
336 _2rdacontent
_atext
_btxt
337 _2rdamedia
_aunmediated
_bn
338 _2rdacarrier
_avolume
_bnc
650 _a"Өөр хэн нэгэн хараагүй байсан ч зүгээр. Хар утаанаас урьтаж, гэрлийг чи харсан бол үйлдэл хий. Ойлгож ухаар. бусдын үзэлд бүү а...
942 _2NNA
_cBK
999 _c895492
_d895549